Normal view MARC view
  • Human Trafficking

Entry Topical Term

Number of records used in: 1

001 - CONTROL NUMBER

  • control field: 7022

003 - CONTROL NUMBER IDENTIFIER

  • control field: OSt

005 - DATE AND TIME OF LATEST TRANSACTION

  • control field: 20170523101813.0

008 - FIXED-LENGTH DATA ELEMENTS

  • fixed length control field: 170523|| aca||aabn | a|a d

040 ## - CATALOGING SOURCE

  • Original cataloging agency: OSt
  • Transcribing agency: OSt

150 ## - HEADING--TOPICAL TERM

  • Topical term or geographic name entry element: Human Trafficking
  • General subdivision: Law enforcement

670 ## - SOURCE DATA FOUND

  • Source citation: Work cat.: (OSt): Human Trafficking Course For Frontline Law Enforment Officials :, 2009.
Pusat Sumber Maklumat Dato' Haji Sarmin Md Hussin, Akademi Kastam Diraja Malaysia, Melaka
Tel: 06-2331106 | Faks: 06-2313787